| 000 | 01036aam a2200313 i 4500 | ||
|---|---|---|---|
| 999 |
_c45895 _d45895 |
||
| 001 | 768714001 | ||
| 003 | CO-MdFUSB | ||
| 005 | 20200514180959.0 | ||
| 007 | ta | ||
| 008 | 200514t1908 enk |||| |||| 00| 0 eng d | ||
| 020 | _a[No incluye ISBN] | ||
| 040 |
_bspa. _aCO-MdFUSB _cCO-MdFUSB _dCO-MdFUSBC _erda |
||
| 041 | _aeng | ||
| 082 |
_223 _a227.81 _bM654 |
||
| 100 | 1 |
_aMilligan, George _eautor |
|
| 245 | 1 | 0 |
_aSt Paul's epistles to the Thessalonians : _bthe Greek text with introduction and notes _c/ George Milligan |
| 264 | 1 |
_aLondres : _bMacmillan and Co. Limited, _c[1908] |
|
| 264 | 4 | _c© 1908 | |
| 300 |
_acix, 195 páginas _c; 22 cm |
||
| 336 |
_atexto _btxt _2rdacontent |
||
| 337 |
_2rdamedia _asin mediación _bn |
||
| 338 |
_2rdacarrier _avolumen _bnc |
||
| 505 | _aLas epístolas de San Pablo a los Tesalonicenses - Introducción a las epístolas - Comentarios - Texto y notas | ||
| 563 | _aPasta dura | ||
| 630 | 0 | 7 |
_aBiblia. _pTesalonicenses, 1ª |
| 942 | _cBK | ||
| 945 | _aJTF-925 | ||